Name that Philosopher #3 - Statistics

General Stats
  • This quiz has been taken 60 times
  • The average score is 7 of 16
Answer Stats
Picture Answer % Correct
Karl Marx
96%
Buddha
64%
Simone de Beauvoir
64%
Jean-Jacques Rousseau
60%
Arthur Schopenhauer
55%
Bertrand Russell
53%
Diogenes
53%
Ludwig Wittgenstein
49%
Francis Bacon
40%
Augustine of Hippo
38%
John Stuart Mill
38%
Jeremy Bentham
23%
Jürgen Habermas
23%
Edmund Husserl
15%
Friedrich Hayek
6%
Thales of Miletus
4%
No matching quizzes found
Score Distribution
Percent of People with Each Score
Percentile by Number Answered
Your Score History
You have not taken this quiz